[Event "1st Silk Road Blitz 2016"]
[Site "Hancheng CHN"]
[Date "2016.07.21"]
[Round "8.1"]
[White "Gunina, Valentina"]
[Black "Koneru, Humpy"]
[Result "1-0"]
[WhiteTitle "GM"]
[BlackTitle "GM"]
[WhiteElo "2520"]
[BlackElo "2575"]
[WhiteFideId "4167570"]
[BlackFideId "5008123"]
[EventDate "2016.07.21"]

1. d4 d5 2. c4 e6 3. Nf3 Nf6 4. Nc3 Be7 5. Bf4 O-O 6. e3 Nbd7 7. cxd5 Nxd5 8.
Nxd5 exd5 9. Bd3 c5 10. O-O c4 11. Bc2 Nf6 12. Ne5 Be6 13. b3 b5 14. bxc4 bxc4
15. Rb1 Bd6 16. Bg5 h6 17. Bh4 Qc7 18. f4 Ne4 19. Bxe4 dxe4 20. f5 Bd5 21. f6 g6
22. Bg3 c3 23. Rb5 c2 24. Qc1 Bxa2 25. Rb2 Bb1 26. Rxb1 cxb1=Q 27. Qxb1 Rab8 28.
Qxe4 Kh7 29. h4 h5 30. Bf4 a5 31. g4 hxg4 32. h5 Bxe5 33. hxg6+ fxg6 34. Bxe5
Qb7 35. Qxg4 Qf7 36. Bxb8 Rxb8 37. e4 a4 38. e5 a3 39. Qh3+ Kg8 40. Qxa3 Qd5 41.
f7+ Kh7 42. f8=Q Rxf8 43. Qxf8 Qxd4+ 44. Qf2 Qg4+ 45. Qg2 Qd4+ 46. Kh1 Qxe5 47.
Qh2+ 1-0

[Event "1st Silk Road Blitz 2016"]
[Site "Hancheng CHN"]
[Date "2016.07.21"]
[Round "8.2"]
[White "Ushenina, Anna"]
[Black "Hou, Yifan"]
[Result "1-0"]
[WhiteTitle "GM"]
[BlackTitle "GM"]
[WhiteElo "2458"]
[BlackElo "2653"]
[WhiteFideId "14110911"]
[BlackFideId "8602980"]
[EventDate "2016.07.21"]

1. d4 e6 2. c4 b6 3. e4 Bb7 4. Bd3 Nc6 5. Ne2 Nb4 6. Nbc3 Nxd3+ 7. Qxd3 d6 8.
O-O Nf6 9. d5 e5 10. Bg5 Be7 11. f4 exf4 12. Bxf4 Nd7 13. Nd4 Bf6 14. Nf5 Ne5
15. Qe2 O-O 16. Kh1 Kh8 17. Rae1 Ba6 18. Ne3 g6 19. Bh6 Bg7 20. Bxg7+ Kxg7 21.
b3 Bc8 22. Nb5 Bd7 23. Nd4 Qe7 24. Rf4 Rae8 25. h3 Qg5 26. Ref1 h5 27. a4 a5 28.
Nd1 c5 29. dxc6 Nxc6 30. Nb5 Qe5 31. Qf2 Re7 32. Qxb6 g5 33. R4f2 Qxe4 34. Ndc3
Qg6 35. Nd5 Re6 36. Nf6 Ne5 37. Nxd7 Nxd7 38. Qxa5 Nc5 39. Qc3+ Kh7 40. Nd4 Ne4
41. Nxe6 fxe6 42. Rxf8 Nxc3 43. R1f7+ Kh6 44. Rh8+ 1-0

[Event "1st Silk Road Blitz 2016"]
[Site "Hancheng CHN"]
[Date "2016.07.21"]
[Round "8.3"]
[White "Stefanova, Antoaneta"]
[Black "Muzychuk, Mariya"]
[Result "1/2-1/2"]
[WhiteTitle "GM"]
[BlackTitle "GM"]
[WhiteElo "2512"]
[BlackElo "2545"]
[WhiteFideId "2902257"]
[BlackFideId "14114550"]
[EventDate "2016.07.21"]

1. d4 d5 2. c4 c6 3. Nc3 Nf6 4. cxd5 cxd5 5. Bf4 Nc6 6. e3 Bg4 7. f3 Bd7 8. Bd3
e6 9. g4 Be7 10. Nge2 a6 11. Rc1 Rc8 12. Kf2 b5 13. h4 Na5 14. Ng3 Nc4 15. Qe2
Bc6 16. g5 Nd7 17. b3 Nd6 18. e4 dxe4 19. fxe4 Qb6 20. Be3 Qb7 21. e5 Bxh1 22.
Nxh1 Rxc3 23. Rxc3 Ne4+ 24. Bxe4 Qxe4 25. Rc8+ Bd8 26. Ng3 Qxh4 27. Qf3 O-O 28.
Qc6 Bxg5 29. Bxg5 Qxg5 30. Qxd7 Qf4+ 31. Kg2 Qd2+ 32. Kh3 Qh6+ 33. Kg2 Qd2+ 34.
Kh3 Qh6+ 35. Kg2 Qd2+ 36. Kg1 Qe3+ 37. Kh2 Qh6+ 38. Kg2 Qd2+ 39. Kh3 Qh6+ 1/2-1/2

[Event "1st Silk Road Blitz 2016"]
[Site "Hancheng CHN"]
[Date "2016.07.21"]
[Round "9.1"]
[White "Stefanova, Antoaneta"]
[Black "Gunina, Valentina"]
[Result "1/2-1/2"]
[WhiteTitle "GM"]
[BlackTitle "GM"]
[WhiteElo "2512"]
[BlackElo "2520"]
[WhiteFideId "2902257"]
[BlackFideId "4167570"]
[EventDate "2016.07.21"]

1. d4 Nf6 2. Bg5 e6 3. Nd2 d5 4. e3 Be7 5. Bd3 O-O 6. c3 b6 7. Ngf3 Bb7 8. Qb1
h6 9. Bh4 c5 10. Ne5 Nbd7 11. f4 cxd4 12. exd4 Nxe5 13. fxe5 Ne4 14. Bxe7 Qxe7
15. Nf3 f6 16. exf6 Rxf6 17. O-O Raf8 18. Qc2 Rf4 19. Qe2 Qf6 20. Ne5 Qg5 21.
Bxe4 dxe4 22. Rxf4 Rxf4 23. Rf1 Rxf1+ 24. Kxf1 Qf4+ 25. Kg1 Bd5 26. c4 Bb7 27.
h3 e3 28. Qf1 Qe4 29. Qe2 Qxd4 30. Ng4 Qd2 31. Qxd2 exd2 32. Ne3 Kf7 33. Kf2 Kf6
34. Ke2 Ke5 35. Kxd2 Kf4 36. Kd3 Be4+ 37. Ke2 Kg3 38. b4 h5 39. a4 Kf4 40. Kd2
g5 41. c5 bxc5 42. bxc5 a5 43. Ke2 Bc6 44. Kf2 Bxa4 45. Nc4 Ke4 46. Nxa5 Kd5 47.
Nb7 Bc6 48. Nd8 Be8 49. c6 Bxc6 50. Nf7 g4 51. hxg4 hxg4 52. Nh6 Kd4 53. Nxg4 e5 1/2-1/2

[Event "1st Silk Road Blitz 2016"]
[Site "Hancheng CHN"]
[Date "2016.07.21"]
[Round "9.2"]
[White "Muzychuk, Mariya"]
[Black "Ushenina, Anna"]
[Result "1-0"]
[WhiteTitle "GM"]
[BlackTitle "GM"]
[WhiteElo "2545"]
[BlackElo "2458"]
[WhiteFideId "14114550"]
[BlackFideId "14110911"]
[EventDate "2016.07.21"]

1. e4 c5 2. Nf3 Nc6 3. Bb5 g6 4. O-O Bg7 5. c3 Nf6 6. d4 cxd4 7. cxd4 Nxe4 8. d5
Nd6 9. Na3 a6 10. Bd3 Na7 11. Re1 O-O 12. Bg5 f6 13. Bf4 Nf7 14. Rc1 Nd6 15.
Bxd6 exd6 16. Nc4 b5 17. Nxd6 Rb8 18. Qe2 Bb7 19. Nxb7 Rxb7 20. h4 Nc8 21. h5 f5
22. hxg6 hxg6 23. Ne5 Qf6 24. f4 Nd6 25. a4 Re8 26. axb5 axb5 27. Qf3 Nf7 28. d6
Nxd6 29. Qd5+ Qe6 30. Qc5 Ne4 31. Rxe4 fxe4 32. Bxe4 Qb6 33. Bd5+ Kh7 34. Bxb7
Qxb7 35. Rc3 Qe4 36. Nf3 d5 37. Ng5+ Kg8 38. Nxe4 dxe4 39. Qd5+ 1-0

[Event "1st Silk Road Blitz 2016"]
[Site "Hancheng CHN"]
[Date "2016.07.21"]
[Round "9.3"]
[White "Hou, Yifan"]
[Black "Koneru, Humpy"]
[Result "1-0"]
[WhiteTitle "GM"]
[BlackTitle "GM"]
[WhiteElo "2653"]
[BlackElo "2575"]
[WhiteFideId "8602980"]
[BlackFideId "5008123"]
[EventDate "2016.07.21"]

1. e4 c5 2. Nf3 e6 3. d4 cxd4 4. Nxd4 a6 5. Bd3 Qc7 6. O-O Nf6 7. c4 Bc5 8. Be3
b6 9. Nc3 Nc6 10. Be2 Bb7 11. f3 Nxd4 12. Bxd4 O-O 13. Kh1 Bxd4 14. Qxd4 d5 15.
cxd5 exd5 16. e5 Nd7 17. f4 Rad8 18. b4 Rfe8 19. Rac1 Qb8 20. Bf3 a5 21. a3 axb4
22. axb4 Nf8 23. Qxb6 Ne6 24. Ne2 Rc8 25. h3 h6 26. h4 Rxc1 27. Rxc1 Rc8 28. Rd1
Rc6 29. Qe3 Rc2 30. f5 d4 31. Qd3 Bxf3 32. gxf3 Rxe2 33. Qxe2 Nf4 34. Qe4 Nh5 1-0

[Event "1st Silk Road Blitz 2016"]
[Site "Hancheng CHN"]
[Date "2016.07.21"]
[Round "10.1"]
[White "Gunina, Valentina"]
[Black "Hou, Yifan"]
[Result "1-0"]
[WhiteTitle "GM"]
[BlackTitle "GM"]
[WhiteElo "2520"]
[BlackElo "2653"]
[WhiteFideId "4167570"]
[BlackFideId "8602980"]
[EventDate "2016.07.21"]

1. d4 e6 2. c4 b6 3. Nf3 Bb7 4. g3 f5 5. Bg2 Nf6 6. O-O Be7 7. b3 O-O 8. Bb2 Qe8
9. Nbd2 Bb4 10. a3 Bxd2 11. Qxd2 Be4 12. Rac1 d6 13. c5 Nc6 14. b4 b5 15. cxd6
cxd6 16. Ng5 Bxg2 17. Kxg2 h6 18. Nf3 Rc8 19. Qd3 a6 20. Rc2 Ne7 21. Rfc1 Qd7
22. Nd2 Ned5 23. Kg1 Nb6 24. f3 Rxc2 25. Rxc2 Rc8 26. e3 Rxc2 27. Qxc2 e5 1-0

[Event "1st Silk Road Blitz 2016"]
[Site "Hancheng CHN"]
[Date "2016.07.21"]
[Round "10.2"]
[White "Koneru, Humpy"]
[Black "Muzychuk, Mariya"]
[Result "1-0"]
[WhiteTitle "GM"]
[BlackTitle "GM"]
[WhiteElo "2575"]
[BlackElo "2545"]
[WhiteFideId "5008123"]
[BlackFideId "14114550"]
[EventDate "2016.07.21"]

1. d4 d5 2. c4 c6 3. Nc3 Nf6 4. e3 e6 5. Nf3 Nbd7 6. Qc2 Bd6 7. Bd3 O-O 8. O-O
dxc4 9. Bxc4 b5 10. Be2 Bb7 11. e4 e5 12. dxe5 Nxe5 13. Nh4 b4 14. Nf5 bxc3 15.
Rd1 Neg4 16. Nxd6 Qb6 17. Bxg4 Nxg4 18. bxc3 Ba6 19. Rb1 Qc5 20. h3 Rad8 21.
hxg4 Rxd6 22. Be3 Rxd1+ 23. Rxd1 Qa5 24. c4 Qb4 25. c5 Bb5 26. Rd7 Qe1+ 27. Kh2
Be2 28. g5 a5 29. e5 Bg4 30. Rd6 Qa1 31. Qe4 Be6 32. Rxc6 Qxa2 33. Ra6 g6 34.
Qd4 Rb8 35. Rb6 Rc8 36. c6 Qc2 37. Qd6 Kg7 38. c7 Rxc7 39. Rb8 Rc8 40. Rxc8 Qxc8
41. Bc5 a4 42. Qe7 Qb8 43. Bd6 Qa8 44. Qf6+ Kg8 45. Qe7 Kg7 46. Ba3 Bd5 47. e6
Bxe6 48. Bb2+ Kg8 49. Qf6 Qb8+ 50. Be5 1-0

[Event "1st Silk Road Blitz 2016"]
[Site "Hancheng CHN"]
[Date "2016.07.21"]
[Round "10.3"]
[White "Ushenina, Anna"]
[Black "Stefanova, Antoaneta"]
[Result "1/2-1/2"]
[WhiteTitle "GM"]
[BlackTitle "GM"]
[WhiteElo "2458"]
[BlackElo "2512"]
[WhiteFideId "14110911"]
[BlackFideId "2902257"]
[EventDate "2016.07.21"]

1. d4 d5 2. c4 c6 3. Nc3 Nf6 4. e3 a6 5. Qc2 g6 6. Bd3 Bg7 7. Nf3 O-O 8. b3 c5
9. dxc5 Nc6 10. a3 dxc4 11. Bxc4 Bf5 12. Qa2 Bd3 13. Bxd3 Qxd3 14. Bb2 Rad8 15.
Rd1 Qc2 16. Rc1 Qd3 17. Rd1 Qc2 18. Rc1 Qd3 19. Rd1 Qc2 20. Rc1 1/2-1/2